Federal subjects of Russia - Statistics

General Stats
  • This quiz has been taken 97 times
  • The average score is 53 of 83
Answer Stats
Subject Type % Correct
Moscow Capital city
96%
Moscow _____ Oblast
96%
Chechen _____ Republic
88%
Jewish _____ Autonomous Oblast
80%
Volgograd _____ Oblast
80%
Dagestan Republic of ____
78%
Leningrad _____ Oblast
78%
North Ossetia-Alania Republic of ____
76%
Omsk _____ Oblast
73%
Petersburg Saint _____
73%
Kamchatka _____ Krai
71%
Krasnodar _____ Krai
71%
Altai _____ Krai
69%
Altai _____ Republic
69%
Rostov _____ Oblast
69%
Sakha _____ Republic
69%
Tatarstan Republic of ____
69%
Adygea Republic of ____
67%
Arkhangelsk _____ Oblast
67%
Astrakhan _____ Oblast
67%
Irkutsk _____ Oblast
67%
Kaliningrad _____ Oblast
67%
Krasnoyarsk _____ Krai
67%
Nenets _____ Autonomous Okrug
67%
Novosibirsk _____ Oblast
67%
Samara _____ Oblast
67%
Yamalo-Nenets _____ Autonomous Okrug
67%
Buryatia Republic of ____
65%
Chelyabinsk _____ Oblast
65%
Karelia Republic of ____
65%
Komi _____ Republic
65%
Murmansk _____ Oblast
65%
Saratov _____ Oblast
65%
Tomsk _____ Oblast
65%
Tuva _____ Republic
65%
Voronezh _____ Oblast
65%
Amur _____ Oblast
63%
Chuvash _____ Republic
63%
Ingushetia Republic of ____
63%
Magadan _____ Oblast
63%
Nizhny Novgorod _____ Oblast
63%
Perm _____ Krai
63%
Smolensk _____ Oblast
63%
Stavropol _____ Krai
63%
Belgorod _____ Oblast
61%
Bryansk _____ Oblast
61%
Chukotka _____ Autonomous Okrug
61%
Kursk _____ Oblast
61%
Mari El _____ Republic
61%
Novgorod _____ Oblast
61%
Orenburg _____ Oblast
61%
Primorsky _____ Krai
61%
Tula _____ Oblast
61%
Udmurt _____ Republic
61%
Vladimir _____ Oblast
61%
Kaluga _____ Oblast
59%
Mordovia Republic of ____
59%
Pskov _____ Oblast
59%
Sakhalin _____ Oblast
59%
Sverdlovsk _____ Oblast
59%
Bashkortostan Republic of ____
57%
Ivanovo _____ Oblast
57%
Kabardino-Balkar _____ Republic
57%
Kalmykia Republic of ____
57%
Khabarovsk _____ Krai
57%
Kirov _____ Oblast
57%
Ryazan _____ Oblast
57%
Tver _____ Oblast
57%
Ulyanovsk _____ Oblast
57%
Vologda _____ Oblast
57%
Yaroslavl _____ Oblast
57%
Karachay-Cherkess _____ Republic
55%
Khakassia Republic of ____
55%
Lipetsk _____ Oblast
55%
Penza _____ Oblast
55%
Tyumen _____ Oblast
55%
Khanty-Mansi _____ Autonomous Okrug
53%
Kostroma _____ Oblast
53%
Zabaykalsky _____ Krai
53%
Kemerovo _____ Oblast
51%
Oryol _____ Oblast
51%
Kurgan _____ Oblast
49%
Tambov _____ Oblast
45%
No matching quizzes found
Score Distribution
Percent of People with Each Score
Percentile by Number Answered
Your Score History
You have not taken this quiz